000 00554nam a2200193 4500
005 20200115192518.0
008 020823s1975 us 1 eng
020 _a0871231263
100 1 _aOrr, J. Edwin
245 1 0 _aEvangelical awakenings in Eastern Asia /
_cJ. Edwin Orr.
260 _aMinneapolis :
_bBethany Fellowship,
_cc1975.
300 _ax, 180 p.
336 _atext
337 _aunmediated
338 _avolume
504 _aBiblio: pp. 175-178 / Includes index
651 4 _aRevivals
_zEast (Far East)
_xHistory.
942 _2lcc
_cBK
_01
999 _c12849
_d12849